Представление документа в формате MARC21

ПолеНазваниеЗначение
  Тип записи a
  Библиографический уровень m
001 Контрольный номер RU\infra-m\znanium\bibl\2238923
005 Дата корректировки 20260429142106.5
008 Кодируемые данные 251229s2025 RU g rus u
020 Индекс ISBN __
a ISBN 978-5-00271-006-5
040 Источник каталогиз. __
a Служба первич. каталог. Общество с ограниченной ответственностью «ЗНАНИУМ»
041 Код языка издания __
a Код языка текста rus
044 Код страны публикации __
a Код страны публикации RU
080 Индекс УДК __
a Индекс УДК 621
084 Индекс другой классификации/Индекс ББК __
2 Источник индекса rubbk
a Индекс другой классификации/Индекс ББК 3288
084 Индекс другой классификации/Индекс ББК __
2 Источник индекса okso
a Индекс другой классификации/Индекс ББК 11.05.04
100 Автор __
a Автор Макаренко С.И.
q Полное имя Макаренко Сергей Иванович
u Дополнение Санкт-Петербургский государственный университет телекоммуникаций им. проф. М.А. Бонч-Бруевича
245 Заглавие __
a Заглавие Системы спутниковой связи общего пользования и специального назначения
b Продолж. заглавия Монография
c Ответственность Санкт-Петербургский государственный университет телекоммуникаций им. проф. М.А. Бонч-Бруевича
250 Сведения об издании __
a Основные сведения об издании 1
260 Выходные данные __
a Место издания Санкт-Петербург
b Издательство Издательство «Наукоемкие технологии»
c Дата издания 2025
300 Физическое описание __
a Объем 227 с.
520 Аннотация __
a Аннотация В издании представлены описательные модели наиболее технически развитых систем спутниковой связи (ССС) ведущих зарубежных стран (ВЗС). К числу описанных ССС ВЗС относятся как ССС общего пользования (Iridium Inmarsat и Starlink) так и ССС специального назначения (MUOS WGS и AEHF). Дан анализ космических и наземных сегментов этих ССС а также принципов организации связи в них. Описательные модели ССС ВЗС могут служить основой для прототипирования и разработки отечественных космических систем.
521 Примеч. о цел. назн. __
a Примеч. о целев. назн. ВО - Специалитет
650 Тематические рубрики __
a Основная рубрика Радиоэлектроника. Автоматика. Связь
x Основная подрубрика Связь. Радио. Телевидение (технический аспект)
655 Указ. предметных рубрик (устаревшее) __
a Жанр/ форма (устаревшее) Монография
856 Электронный адрес документа 4_
a Имя сервера/домена znanium.ru
m Помощь ebs_support@infra-m.ru
n Местонахождение сервера НИЦ ИНФРА-М
u URL https://znanium.ru/catalog/document?id=475977
856 Электронный адрес документа 48
a Имя сервера/домена znanium.ru
d Путь /cover/2238
f Электронное имя 2238923.jpg
q Тип электронного формата image/jpeg
u URL https://znanium.ru/cover/2238/2238923.jpg
911 __
u 0030=https://znanium.ru/catalog/document?id=475977